QCM animaux n°3 - Statistiques

Statistiques générales
  • Ce quiz a été pris 265 fois
  • Le résultat moyen est 7 sur 10
Statistiques - réponses
Question Réponse % Correct
Crustacé qui se loge dans des coquilles vides. Un bernard-l’ermite
98%
Poisson de mer dit, à cause de la forme de sa tête, cheval marin. Un hippocampe
96%
Minuscule oiseau des régions tropicales, à long bec. Un colibri
77%
Mammifère d'Amérique tropicale, au corps couvert de plaques cornées et pouvant s’enrouler en boule. Un tatou
75%
Mammifère édenté d’Amérique du Sud. Un tamanoir
73%
Grand quadrupède carnassier du genre chat, au pelage rayé, vivant en Asie du Sud-Est. Un tigre
73%
Insecte sauteur, pouvant atteindre 4 mm de long, parasite de l’homme et des mammifères. Une puce
56%
Insecte aux ailes couvertes de fines écailles, souvent colorées. Un papillon
46%
Mammifère primate de Madagascar. Un aye-aye
38%
Ruminant à cornes arquées en arrière, au menton garni d’une barbiche. Une chèvre
33%
Aucun quiz correspondant
Distribution des résultats
% des personnes avec chaque résultat
Percentile par nombre de réponses
Votre historique - résultats
Vous n’avez pas pris ce quiz